| 000 | 00464cam a2200193ua 4500 | ||
|---|---|---|---|
| 020 | _c22.23 | ||
| 041 |
_aeng _h |
||
| 082 |
_a631.5871 _bJOG/IR |
||
| 100 | _aJoglekae, G D. | ||
| 245 |
_aIrrigation Engineering / _cG D Joglekae. _hTextual Documents |
||
| 250 |
_a1 / _b. |
||
| 260 |
_aPoona : _bUnited Book Corporation , _c1983. |
||
| 300 | _a500 ; . | ||
| 365 | _a22.23 | ||
| 504 | _a | ||
| 942 | _cBK | ||
| 999 |
_c3201 _d3201 |
||